Too Much to Ask - Niall Horan (Lyrics) - Statistics

General Stats
  • This quiz has been taken 89 times
  • The average score is 240 of 291
Answer Stats
% Correct
I
100%
is
100%
Is
100%
the
100%
The
100%
it
98%
to
98%
To
98%
You
98%
you
98%
for
95%
in
95%
and
93%
[Chorus] | [Pre-Chorus] And
93%
heart
93%
I'm
93%
me
93%
[Breakdown] | [Chorus] My
93%
my
93%
that
93%
first
91%
there
91%
time
91%
Without
89%
dancing
86%
much
86%
right
86%
shadow's
86%
tell
86%
ask
84%
if
84%
too
84%
on
82%
regret
82%
things
82%
we
82%
are
80%
'Cause
80%
do
80%
Do
80%
here
80%
your
80%
all
77%
asking
77%
love
77%
oh
77%
tonight
77%
walk
77%
being
75%
Only
75%
only
75%
someone
75%
up
75%
[Verse 1] Waiting
75%
waiting
75%
were
75%
we're
75%
You'll
75%
honest
73%
Now
73%
yet
73%
feel
70%
hoping
70%
over
70%
yesterday
70%
run
68%
sun
68%
at
66%
back
66%
It's
66%
of
66%
ain't
64%
face
64%
smile
64%
think
64%
not
61%
lit
57%
thinking
57%
when
57%
That's
55%
fucked
52%
moving
52%
outside
52%
[Verse 2] Someone's
52%
you're
52%
rough
50%
come
48%
Don't
48%
lights
48%
Why's
48%
eyes
45%
close
43%
comin'
43%
drive
43%
forget
43%
watch
43%
down
36%
sometimes
36%
still
34%
No matching quizzes found
Score Distribution
Percent of People with Each Score
Percentile by Number Answered
Your Score History
You have not taken this quiz